000 00312nam a2200133Ia 4500
008 151001s9999||||xx |||||||||||||| ||und||
100 _aहॅरॉल्ड रॉबिन्स
245 _aअमर
250 _a1
260 _bक्ष
260 _c1993
300 _a316
365 _b21
999 _c970024
_d970021